000 00456nab a2200145Ia 4500
003 ES-SlBCS
005 20210601132847.0
008 140529s1956 xxu||||| |||| 00| 0 ita d
041 _aita
100 1 _aGiuletti, Giovanni
_9199458
245 0 0 _aPostille alla logica di Morris R. Cohen
_c Giovanni Giuletti
600 1 _aCohen, Morris R.-Lógica
_9199588
773 0 _tGiornali di Metafisica
_gvol. 11, nº. 3, 1956, págs. 318-333
_w0017-0372
942 _cAR
999 _c586791
_d586791